Nursery Treasury / (Record no. 203024)

MARC details
000 -LEADER
fixed length control field 00997nam a2200301 i 4500
003 - CONTROL NUMBER IDENTIFIER
control field OSt
005 - DATE AND TIME OF LATEST TRANSACTION
control field 20260210165021.0
008 - FIXED-LENGTH DATA ELEMENTS--GENERAL INFORMATION
fixed length control field 260210t20142014my a jr 000 0 eng d
020 ## - INTERNATIONAL STANDARD BOOK NUMBER
International Standard Book Number 9781789898514
Terms of availability RM 139.90
Qualifying information hardback
040 ## - CATALOGING SOURCE
Original cataloging agency PPAK
Language of cataloging eng
Transcribing agency PPAK
Description conventions rda
082 04 - DEWEY DECIMAL CLASSIFICATION NUMBER
Edition number 23
Classification number 398.8
090 00 - LOCALLY ASSIGNED LC-TYPE CALL NUMBER (OCLC); LOCAL CALL NUMBER (RLIN)
Classification number (OCLC) (R) ; Classification number, CALL (RLIN) (NR) 398.8
Feature heading NUR
Feature heading RK
245 00 - TITLE STATEMENT
Title Nursery Treasury /
Statement of responsibility, etc. Editor Fran Bromage ; Designers Jo Cowan, Joe Jones
246 34 - VARYING FORM OF TITLE
Title proper/short title Nursery treasury :
Remainder of title first rhymes and stories to share
264 #1 - PRODUCTION, PUBLICATION, DISTRIBUTION, MANUFACTURE, AND COPYRIGHT NOTICE
Place of production, publication, distribution, manufacture Thaxted, Essex :
Name of producer, publisher, distributor, manufacturer Miles Kelly Publishing,
Date of production, publication, distribution, manufacture, or copyright notice 2014
Date of production, publication, distribution, manufacture, or copyright notice ©2014
300 ## - PHYSICAL DESCRIPTION
Extent 383 pages :
Other physical details chiefly colour illustrations ;
Dimensions 29 cm
336 ## - CONTENT TYPE
Content type term text
Source rdacontent
337 ## - MEDIA TYPE
Media type term unmediated
Source rdamedia
338 ## - CARRIER TYPE
Carrier type term volume
Source rdacarrier
650 10 - SUBJECT ADDED ENTRY--TOPICAL TERM
Topical term or geographic name entry element Nursery rhymes, English
Topical term or geographic name entry element Children's poetry, English
Topical term or geographic name entry element Fairy tales
700 1# - ADDED ENTRY--PERSONAL NAME
Personal name Bromage, Fran,
Relator term editor.
Personal name Cowan, Jo,
Relator term illustrator.
Personal name Jones, Joe,
Relator term illustrator.
942 ## - ADDED ENTRY ELEMENTS (KOHA)
Source of classification or shelving scheme Dewey Decimal Classification
Koha item type Book
Holdings
Withdrawn Not for loan Current library Shelving location Date acquired Total Checkouts Full call number Barcode Date last seen Koha item type
    Perpustakaan Alor Setar Rujukan Kanak-kanak 11/02/2026   RK 398.8 NUR A01898166 11/02/2026 Book
    Perpustakaan Awam Sungai Petani Rujukan Kanak-kanak 11/02/2026   RK 398.8 NUR A01898167 11/02/2026 Book
    Perpustakaan Kulim Rujukan Kanak-kanak 11/02/2026   RK 398.8 NUR A01898168 11/02/2026 Book